Online
Catalog

Finalidad del recurso de casación / (Record no. 52383)

MARC details
000 -CABECERA
campo de control de longitud fija 00529nam a22001937a 4500
003 - IDENTIFICADOR DEL NÚMERO DE CONTROL
campo de control DO-SdBNP
005 - FECHA Y HORA DE LA ÚLTIMA TRANSACCIÓN
campo de control 20220913140542.0
007 - CAMPO FIJO DE DESCRIPCIÓN FÍSICA--INFORMACIÓN GENERAL
campo de control de longitud fija ta
008 - DATOS DE LONGITUD FIJA--INFORMACIÓN GENERAL
campo de control de longitud fija 110301s1967 dr 001 0 spa d
040 ## - FUENTE DE LA CATALOGACIÓN
Centro catalogador/agencia de origen DO-SdBNP
Lengua de catalogación spa
Centro/agencia transcriptor BNPHU
082 #4 - NÚMERO DE LA CLASIFICACIÓN DECIMAL DEWEY
Número de clasificación xxxx
Número de documento/Ítem A473f
100 ## - ENTRADA PRINCIPAL--NOMBRE DE PERSONA
Nombre de persona Álvarez, Federico C
9 (RLIN) 13213
245 10 - MENCIÓN DE TÍTULO
Título Finalidad del recurso de casación /
Mención de responsabilidad, etc. Federico C. Alvarez
260 ## - PUBLICACIÓN, DISTRIBUCIÓN, ETC.
Lugar de publicación, distribución, etc. Santo Domingo :
Nombre del editor, distribuidor, etc. [s.d.],
Fecha de publicación, distribución, etc. 1967.
300 ## - DESCRIPCIÓN FÍSICA
Extensión 129 p. :
Dimensiones 22 cm.
590 ## - NOTA LOCAL (RLIN)
Nota local Inventariado, 2022/ YL
910 ## - DATOS DE OPCIÓN DEL USUARIO (OCLC)
Datos de opción del usuario YLockward
942 ## - ELEMENTOS DE PUNTO DE ACCESO ADICIONAL (KOHA)
Fuente del sistema de clasificación o colocación Dewey Decimal Classification
Tipo de ítem Koha Libro
Holdings
Estado de retiro Estado de pérdida Fuente del sistema de clasificación o colocación Restricciones de uso No para préstamo Código de colección Localización permanente Ubicación/localización actual Ubicación en estantería Fecha de adquisición Fuente de adquisición Total de préstamos Signatura topográfica completa Código de barras Fecha visto por última vez Precio válido a partir de Tipo de ítem Koha
    Dewey Decimal Classification Excluido de préstamo   Patrimonio Dominicano Biblioteca Nacional Pedro Henríquez Ureña Biblioteca Nacional Pedro Henríquez Ureña En catalogación 03.01.2017 Poder Judicial   xxxx A473f 2022-3922 13.09.2022 13.09.2022 Libro

Powered by Koha